[Event "Guernsey Open"]
[Site "Guernsey GCI"]
[Date "2004.10.07"]
[Round "5"]
[White "Havenaar, Jan"]
[Black "Gruettner, Ralf"]
[Result "1-0"]
[WhiteElo "2169"]
[BlackElo "2056"]
[PlyCount "90"]
[EventDate "2004.10.03"]
[SourceDate "2004.10.10"]

1. Nc3 d5 2. e4 Nf6 3. e5 Nfd7 4. d4 e6 5. f4 c5 6. Nf3 Nc6 7. Ne2 cxd4 8.
Nexd4 Bc5 9. c3 Qb6 10. g3 O-O 11. Bh3 Nxd4 12. cxd4 Be7 13. O-O f5 14. Rf2 Rd8
15. Be3 Nf8 16. g4 Bd7 17. Rg2 Rac8 18. Qd3 Bb5 19. Qb1 Qa6 20. Ne1 Bf1 21.
gxf5 Bxg2 22. Nxg2 exf5 23. Bxf5 Rc7 24. Bd3 Qh6 25. Qe1 Qh3 26. Qe2 g6 27. Rf1
Qd7 28. f5 gxf5 29. Bxf5 Qe8 30. Qf3 Rc6 31. Kh1 Ng6 32. Qh3 Bf8 33. Nf4 Bg7
34. Rg1 Qe7 35. Nxg6 hxg6 36. Bxg6 Rdc8 37. Bh7+ Kf8 38. Qf3+ Qf7 39. Qh3 Ke8
40. Rf1 Qe7 41. Qh5+ Kd7 42. Rf7 Bf8 43. Bf5+ Kd8 44. Rxe7 Rc1+ 45. Bxc1 Rxc1+
1-0

[Event "Guernsey Open"]
[Site "Guernsey GCI"]
[Date "2004.10.07"]
[Round "5"]
[White "Tan, H B."]
[Black "Burton, Ronnie"]
[Result "1-0"]
[WhiteElo "2121"]
[BlackElo "2051"]
[PlyCount "89"]
[EventDate "2004.10.03"]
[SourceDate "2004.10.10"]

1. e4 c5 2. d4 cxd4 3. c3 Nf6 4. e5 Nd5 5. cxd4 d6 6. Bc4 e6 7. Nf3 Nc6 8. exd6
Bxd6 9. Nc3 Nxc3 10. bxc3 O-O 11. Bd3 Be7 12. Qc2 h6 13. h4 e5 14. dxe5 Bg4 15.
Bf4 Rc8 16. Qd2 Qa5 17. Kf1 Bxf3 18. gxf3 Nxe5 19. Be4 Ng6 20. Bg3 Rfd8 21. Qe2
Bf6 22. Bxb7 Rxc3 23. Kg2 Ra3 24. h5 Nf8 25. Rad1 Rxa2 26. Qc4 Rad2 27. Rb1 Ne6
28. Bc8 Qd5 29. Bxe6 fxe6 30. Qc7 Rd3 31. Qf4 Rd4 32. Qe3 Rf8 33. Rhe1 Qxh5 34.
Qxe6+ Qf7 35. Qxf7+ Rxf7 36. Re8+ Kh7 37. Rbb8 Rd3 38. f4 Bc3 39. Kh3 a5 40.
Kg4 Rd5 41. Rh8+ Kg6 42. Bh4 h5+ 43. Kg3 Rd3+ 44. f3 Rd6 45. Rb5 1-0

[Event "Guernsey Open"]
[Site "Guernsey GCI"]
[Date "2004.10.07"]
[Round "5"]
[White "Kitchlew, Andrew"]
[Black "De Kruif, Kees"]
[Result "0-1"]
[WhiteElo "2111"]
[BlackElo "2056"]
[PlyCount "40"]
[EventDate "2004.10.03"]
[SourceDate "2004.10.10"]

1. d4 Nf6 2. e3 e6 3. Nf3 c5 4. c4 cxd4 5. exd4 d5 6. Nbd2 Be7 7. a3 dxc4 8.
Bxc4 O-O 9. Ba2 b5 10. O-O Bb7 11. Re1 Bd5 12. Bb1 Nc6 13. Nf1 Bxf3 14. Qxf3
Nxd4 15. Qh3 Qd5 16. Bf4 Qh5 17. Qd3 Rad8 18. Be5 Rd5 19. Ng3 Rxe5 20. Re4 Rxe4
0-1

[Event "Guernsey Open"]
[Site "Guernsey GCI"]
[Date "2004.10.07"]
[Round "5"]
[White "Key, Eric"]
[Black "Clark, Ian C"]
[Result "0-1"]
[WhiteElo "1792"]
[BlackElo "2109"]
[PlyCount "91"]
[EventDate "2004.10.03"]
[SourceDate "2004.10.10"]

1. e4 c5 2. Nf3 d6 3. d4 cxd4 4. Nxd4 Nf6 5. Nc3 a6 6. Be2 e5 7. Nb3 Be6 8. Be3
Be7 9. O-O Nbd7 10. f4 Rc8 11. f5 Bc4 12. Nd2 Bxe2 13. Qxe2 b5 14. Rfc1 O-O 15.
a4 b4 16. Nd1 d5 17. exd5 Nxd5 18. Kh1 Bc5 19. Ne4 Nxe3 20. Nxe3 Bd4 21. c3
bxc3 22. bxc3 Bxe3 23. Qxe3 Qa5 24. Rd1 Rfd8 25. Rd6 f6 26. Qd3 Nb8 27. Rd1 Rf8
28. c4 Qxa4 29. Qd5+ Kh8 30. c5 Nc6 31. Nc3 Qc2 32. Rxc6 Rxc6 33. Qxc6 Qxc3 34.
Qd6 Rg8 35. c6 e4 36. Kg1 e3 37. Qd3 Qxc6 38. Qxe3 Re8 39. Qd4 h6 40. h3 Qc2
41. Rf1 Re2 42. Qg4 a5 43. Ra1 Re4 44. Qg6 a4 45. Qf7 Qc5+ 46. Kh2 0-1

[Event "Guernsey Open"]
[Site "Guernsey GCI"]
[Date "2004.10.07"]
[Round "5"]
[White "Goris, Ton"]
[Black "Taylor, RP."]
[Result "0-1"]
[WhiteElo "2072"]
[BlackElo "1640"]
[PlyCount "52"]
[EventDate "2004.10.03"]
[SourceDate "2004.10.10"]

1. e4 e5 2. Nf3 Nc6 3. d4 exd4 4. c3 dxc3 5. Nxc3 Bb4 6. Bc4 Qe7 7. O-O Bxc3 8.
bxc3 d6 9. Qb3 h6 10. e5 dxe5 11. Re1 Qf6 12. Nxe5 Nxe5 13. Qb5+ c6 14. Rxe5+
Ne7 15. Qc5 Be6 16. Ba3 O-O 17. Rxe6 fxe6 18. Qxe7 Qxf2+ 19. Kh1 Rae8 20. Qd7
c5 21. Qb5 b6 22. Rf1 Qe3 23. h3 Rxf1+ 24. Bxf1 Rf8 25. Qe2 Qxc3 26. Qxe6+ Kh8
0-1

[Event "Guernsey Open"]
[Site "Guernsey GCI"]
[Date "2004.10.07"]
[Round "5"]
[White "Rowe, Peter"]
[Black "Robertson, PC."]
[Result "1-0"]
[WhiteElo "2085"]
[BlackElo "1880"]
[PlyCount "149"]
[EventDate "2004.10.03"]
[SourceDate "2004.10.10"]

1. d4 d5 2. Nf3 Nf6 3. Bf4 e6 4. e3 Be7 5. Bd3 Nbd7 6. Nbd2 c5 7. c3 O-O 8. h3
Re8 9. O-O Nf8 10. Ne5 Bd6 11. Ndf3 c4 12. Bc2 h6 13. Re1 Qc7 14. Nd2 b5 15.
Qf3 Bb7 16. Bxh6 Bxe5 17. dxe5 Qxe5 18. Bf4 Qh5 19. Qg3 e5 20. Bg5 N6h7 21. f4
f6 22. Bd1 Qg6 23. Bh4 Qxg3 24. Bxg3 e4 25. Bg4 g6 26. f5 g5 27. a4 a6 28. Ra2
Bc6 29. axb5 axb5 30. Rea1 Rxa2 31. Rxa2 Ra8 32. Rxa8 Bxa8 33. Nb1 Nd7 34. Bd6
Nb6 35. Bh5 Bc6 36. g3 Bd7 37. Bg4 Na4 38. Ba3 Nb6 39. Kf2 Nf8 40. Ke2 Be8 41.
Kd2 Nfd7 42. Bd6 Nc8 43. Bc7 Nc5 44. Be2 Bd7 45. g4 Kf7 46. Na3 Na6 47. Bd8 Ne7
48. Nc2 Nc6 49. Bb6 Ke7 50. Na3 Ne5 51. Bd4 Nf7 52. Kc2 Nd6 53. b3 Bc6 54. Kb2
Bd7 55. Nc2 Nb7 56. Ka3 Na5 57. Na1 Nb7 58. bxc4 bxc4 59. Nc2 Nd6 60. Bb6 Nb5+
61. Kb2 Be8 62. Bd1 Bd7 63. Ne1 Nd6 64. Ng2 Be8 65. h4 gxh4 66. Nxh4 Nc8 67.
Bd4 Nd6 68. Ng2 Nc7 69. Nf4 Bf7 70. Ba4 Ndb5 71. Bc5+ Nd6 72. Bc6 Na6 73. Bb6
Nc8 74. Ba5 Kd6 75. Bb7 1-0

[Event "Guernsey Open"]
[Site "Guernsey GCI"]
[Date "2004.10.07"]
[Round "5"]
[White "Wilman, Carey A"]
[Black "Ippel, Cornelius J"]
[Result "0-1"]
[WhiteElo "2049"]
[BlackElo "2068"]
[PlyCount "130"]
[EventDate "2004.10.03"]
[SourceDate "2004.10.10"]

1. d4 e6 2. c4 d5 3. Nc3 c6 4. e3 Nf6 5. Qc2 Bd6 6. Nf3 Nbd7 7. cxd5 exd5 8.
Bd3 h6 9. Bd2 O-O 10. O-O Re8 11. Rac1 Nf8 12. h3 a6 13. a3 N8h7 14. Rfe1 Bd7
15. Qb3 Qc8 16. Bf1 g5 17. Na4 Bc7 18. Nc5 Rb8 19. Nxd7 Qxd7 20. Bc3 Ne4 21.
Ne5 Qe6 22. f4 f6 23. Nd3 g4 24. hxg4 Qxg4 25. Nf2 Nxf2 26. Kxf2 f5 27. Qd1
Qh4+ 28. g3 Qh2+ 29. Kf3 Nf6 30. Qd2 Qh5+ 31. Kg2 Ng4 32. Kg1 Qg6 33. Bh3 Nf6
34. Qg2 h5 35. Re2 Kf7 36. Be1 Rg8 37. Qf1 Rbe8 38. b4 Ng4 39. Rc3 Nf6 40. Rg2
Re4 41. Kh1 Rge8 42. Re2 Bb6 43. Bg2 R4e6 44. Bf3 Ng4 45. Bd2 R8e7 46. Rd3 Qg7
47. Bxg4 hxg4 48. Rh2 Rh6 49. Qg2 Ree6 50. Rxh6 Rxh6+ 51. Kg1 Qf6 52. Be1 Bd8
53. Rb3 Qe6 54. Bd2 Kg6 55. Rb1 Qe7 56. Rb3 Bb6 57. Rd3 Rh3 58. Rb3 Qf6 59. Rd3
Ba7 60. Bc3 Qe6 61. Bd2 Qe4 62. Qxe4 fxe4 63. Rb3 Rxg3+ 64. Kh2 Rf3 65. Be1
Bxd4 0-1

[Event "Guernsey Open"]
[Site "Guernsey GCI"]
[Date "2004.10.07"]
[Round "5"]
[White "Morton, Peter S"]
[Black "Gravett, Alan D"]
[Result "1/2-1/2"]
[WhiteElo "1824"]
[BlackElo "1960"]
[PlyCount "72"]
[EventDate "2004.10.03"]
[SourceDate "2004.10.10"]

1. e4 c5 2. g3 g6 3. Bg2 Bg7 4. Ne2 e6 5. c3 Ne7 6. Na3 a6 7. Nc2 Nbc6 8. O-O
O-O 9. f4 d6 10. d4 cxd4 11. cxd4 d5 12. e5 b5 13. Ne3 Nf5 14. g4 Nxe3 15. Bxe3
f5 16. h3 Bd7 17. Ng3 Be8 18. g5 Rc8 19. Rc1 Rf7 20. Ne2 b4 21. Kf2 a5 22. h4
a4 23. Bf3 Rfc7 24. Bd2 Qe7 25. Qxa4 Nxe5 26. Rxc7 Rxc7 27. Qb3 Nc6 28. Rc1
Nxd4 29. Rxc7 Qxc7 30. Qxb4 Nc2 31. Qb3 Bf7 32. Bc3 Qa7+ 33. Kg3 Ne3 34. Bxg7
Kxg7 35. Qc3+ Kg8 36. Qc8+ Kg7 1/2-1/2

[Event "Guernsey Open"]
[Site "Guernsey GCI"]
[Date "2004.10.07"]
[Round "5"]
[White "Hamperl, Fred"]
[Black "Ruston, Mark"]
[Result "1-0"]
[WhiteElo "1961"]
[BlackElo "2114"]
[PlyCount "119"]
[EventDate "2004.10.03"]
[SourceDate "2004.10.10"]

1. e4 e6 2. d4 d5 3. exd5 exd5 4. c4 Nf6 5. Nc3 Bb4 6. Bd3 Bg4 7. Nge2 Nc6 8.
f3 dxc4 9. Bxc4 Bf5 10. O-O O-O 11. Bg5 Be7 12. Re1 h6 13. Be3 Nb4 14. Ng3 Bg6
15. Rc1 c6 16. Kh1 Re8 17. f4 Nbd5 18. f5 Bh7 19. Nxd5 cxd5 20. Bb5 Rf8 21. Qf3
Bb4 22. Rf1 Qb6 23. Bd3 Rae8 24. Rc2 Bd6 25. Rfc1 Bb8 26. b3 Bd6 27. Ne2 Qd8
28. Bf4 Ne4 29. Ng3 Bxf4 30. Qxf4 Nxg3+ 31. Qxg3 Qf6 32. Qf2 Qg5 33. Rc7 Qe3
34. Qxe3 Rxe3 35. Rd1 Rfe8 36. g4 h5 37. g5 Rxd3 38. Rxd3 Re1+ 39. Kg2 Bxf5 40.
Rd2 Be4+ 41. Kg3 Rg1+ 42. Kf4 Rg4+ 43. Ke5 Rxg5+ 44. Kd6 Rg6+ 45. Kc5 b6+ 46.
Kb4 a5+ 47. Ka4 Bf5 48. b4 axb4 49. Kxb4 h4 50. Kb5 h3 51. Kb4 Rg2 52. Kc3 g5
53. Rb7 g4 54. Rxb6 Kg7 55. Rbb2 Be4 56. Rd1 Rxb2 57. Kxb2 g3 58. hxg3 h2 59.
a4 Bf3 60. Rc1 1-0

[Event "Guernsey Open"]
[Site "Guernsey GCI"]
[Date "2004.10.07"]
[Round "5"]
[White "Twitchell, DJ."]
[Black "Morcom, HC."]
[Result "0-1"]
[WhiteElo "1792"]
[BlackElo "2031"]
[PlyCount "68"]
[EventDate "2004.10.03"]
[SourceDate "2004.10.10"]

1. e4 c5 2. d4 cxd4 3. c3 d3 4. Qxd3 Nc6 5. Nf3 g6 6. c4 Bg7 7. Nc3 d6 8. Be2
Nf6 9. O-O O-O 10. Rd1 Bg4 11. Bf4 Qa5 12. a3 Bxf3 13. Bxf3 Ne5 14. Bxe5 Qxe5
15. Qe2 Rac8 16. Rac1 a6 17. b4 Rc7 18. Nd5 Nxd5 19. Rxd5 Qf4 20. Rc2 Rfc8 21.
g3 Qf6 22. Bg4 Rb8 23. Qd3 Qa1+ 24. Kg2 Be5 25. f4 Bg7 26. e5 Bf8 27. f5 dxe5
28. fxg6 hxg6 29. Rf2 Rc6 30. h4 Rf6 31. Rxf6 exf6 32. h5 Qb2+ 33. Kh3 Qc1 34.
hxg6 Qh1# 0-1

[Event "Guernsey Open"]
[Site "Guernsey GCI"]
[Date "2004.10.07"]
[Round "5"]
[White "Heath, Jeffrey"]
[Black "Downey, Keith A"]
[Result "1/2-1/2"]
[WhiteElo "2019"]
[BlackElo "1821"]
[PlyCount "91"]
[EventDate "2004.10.03"]
[SourceDate "2004.10.10"]

1. e4 c5 2. Nf3 e6 3. d4 cxd4 4. Nxd4 a6 5. Nc3 Qc7 6. Bd3 Nc6 7. Nf3 Nf6 8.
O-O d6 9. Re1 Be7 10. Qe2 b5 11. a3 Bb7 12. Bf4 Ne5 13. Nxe5 dxe5 14. Bg5 O-O
15. Rad1 Rad8 16. Kh1 h6 17. Be3 Rfe8 18. Qf3 Bf8 19. Bd2 Rd7 20. Re2 Red8 21.
Nb1 Be7 22. Rde1 Nh7 23. Qg3 Kh8 24. Bc3 Bf6 25. Nd2 Nf8 26. Nb3 Rc8 27. Ba5
Qb8 28. Qf3 Ng6 29. g3 Bd8 30. Bd2 Kg8 31. Kg1 Bb6 32. c3 Rcd8 33. Bc2 a5 34.
Be3 Qa7 35. Bxb6 Qxb6 36. Qe3 Qxe3 37. Rxe3 a4 38. Nc5 Rc7 39. Nxb7 Rxb7 40.
Rd3 Rxd3 41. Bxd3 Kf8 42. Rd1 Ke7 43. Be2 Nf8 44. f3 Nd7 45. Kf2 g5 46. Ke3
1/2-1/2

[Event "Guernsey Open"]
[Site "Guernsey GCI"]
[Date "2004.10.07"]
[Round "5"]
[White "Goldberg, Menashe"]
[Black "Jones, HCN."]
[Result "0-1"]
[WhiteElo "2005"]
[BlackElo "1664"]
[PlyCount "54"]
[EventDate "2004.10.03"]
[SourceDate "2004.10.10"]

1. d4 g6 2. e4 Bg7 3. Nc3 d6 4. Bg5 c6 5. Qd2 Nd7 6. Nf3 Qc7 7. Bc4 Ngf6 8. Bh6
O-O 9. O-O e5 10. Bxg7 Kxg7 11. dxe5 Nxe5 12. Nxe5 dxe5 13. Rad1 b5 14. Bd3 Be6
15. a3 a6 16. Qe3 Rfd8 17. Be2 Nd7 18. Qg3 f6 19. h4 Nb6 20. Bg4 Bc4 21. Rxd8
Rxd8 22. Rd1 Rxd1+ 23. Nxd1 Qd8 24. h5 Bf7 25. Ne3 Qd2 26. Kh2 Nc4 27. Nxc4
bxc4 {remaining moves unreadable, 0-1, 48.} 0-1

[Event "Guernsey Open"]
[Site "Guernsey GCI"]
[Date "2004.10.08"]
[Round "6"]
[White "Shabtai, Ran"]
[Black "Hillarp Persson, Tiger"]
[Result "1/2-1/2"]
[WhiteElo "2268"]
[BlackElo "2523"]
[PlyCount "34"]
[EventDate "2004.10.03"]
[SourceDate "2004.10.10"]

1. e4 c5 2. Nf3 d6 3. d4 cxd4 4. Qxd4 a6 5. Be3 Nf6 6. Nc3 Nc6 7. Qb6 Qxb6 8.
Bxb6 e6 9. O-O-O Bd7 10. h3 Rc8 11. Nd2 Ne5 12. f4 Ng6 13. g3 Bc6 14. Bg2 Nh5
15. Bf3 Nxg3 16. Rhg1 Nxe4 17. Ndxe4 Nxf4 1/2-1/2

[Event "Guernsey Open"]
[Site "Guernsey GCI"]
[Date "2004.10.08"]
[Round "6"]
[White "Bellin, Robert"]
[Black "Corkett, Anthony R"]
[Result "1-0"]
[WhiteElo "2383"]
[BlackElo "2310"]
[PlyCount "101"]
[EventDate "2004.10.03"]
[SourceDate "2004.10.10"]

1. e4 c5 2. Nf3 Nc6 3. Bb5 e6 4. Bxc6 bxc6 5. d3 d5 6. Qe2 Ba6 7. c4 Nf6 8. O-O
Be7 9. Re1 O-O 10. Bg5 Re8 11. Nbd2 h6 12. Bh4 Qb6 13. Nb3 Rac8 14. Rac1 Bb7
15. Qd2 Nd7 16. Bxe7 Rxe7 17. e5 Nf8 18. Qa5 Nd7 19. Rc2 Ba6 20. Rec1 Ree8 21.
Qd2 Red8 22. Qe3 Rc7 23. h4 Bc8 24. Qe1 Rf8 25. Nbd2 a5 26. Nf1 a4 27. Ng3 Qb8
28. Rd1 Rb7 29. Rdd2 f6 30. exf6 Rxf6 31. Re2 Qd6 32. Qa5 Rb4 33. Re3 Qb8 34.
Ree2 e5 35. Qd8+ Rf8 36. Qe7 e4 37. dxe4 d4 38. Nf5 Rxf5 39. exf5 Nf6 40. Qd8+
Kh7 41. Re5 Ba6 42. Qxb8 Rxb8 43. Ne1 Nd7 44. Re6 Rc8 45. Nd3 Nb6 46. b3 axb3
47. axb3 Nd7 48. Ra2 Rb8 49. Rxa6 Rxb3 50. Ne1 d3 51. Ra2 1-0

[Event "Guernsey Open"]
[Site "Guernsey GCI"]
[Date "2004.10.08"]
[Round "6"]
[White "Rosen, Daniel B"]
[Black "Johansson, Toni"]
[Result "0-1"]
[WhiteElo "2165"]
[BlackElo "2123"]
[PlyCount "76"]
[EventDate "2004.10.03"]
[SourceDate "2004.10.10"]

1. e4 c5 2. Nc3 g6 3. f4 Bg7 4. Nf3 Nc6 5. Bb5 Nd4 6. O-O a6 7. Be2 d6 8. d3
Nf6 9. h3 O-O 10. Be3 Nh5 11. Kh2 f5 12. Nd2 Nxe2 13. Qxe2 e5 14. g3 exf4 15.
gxf4 fxe4 16. dxe4 Qh4 17. Qf3 Nxf4 18. Qg3 Qxg3+ 19. Kxg3 Bxc3 20. bxc3 Ne2+
21. Kg2 Nxc3 22. Bh6 Rf7 23. Rxf7 Kxf7 24. Rf1+ Ke7 25. Bg7 Nxa2 26. Nc4 Bd7
27. Nb6 Re8 28. Nd5+ Kd8 29. Rf7 Bc6 30. Bf6+ Kc8 31. Nb6+ Kb8 32. Be7 Bxe4+
33. Kg3 Ka7 34. Nd7 Bd5 35. Rxh7 Nc3 36. Kf4 Bg8 37. Nf6 Bxh7 38. Nxe8 Nd5+ 0-1

[Event "Guernsey Open"]
[Site "Guernsey GCI"]
[Date "2004.10.08"]
[Round "6"]
[White "Taylor, Mark V"]
[Black "Lock, Gavin R"]
[Result "1/2-1/2"]
[WhiteElo "2105"]
[BlackElo "2158"]
[PlyCount "73"]
[EventDate "2004.10.03"]
[SourceDate "2004.10.10"]

1. d4 d5 2. Nf3 Nf6 3. g3 Bf5 4. Bg2 e6 5. O-O Nbd7 6. Nbd2 h6 7. b3 Be7 8. Bb2
O-O 9. c4 c6 10. Ne5 Nxe5 11. dxe5 Nd7 12. cxd5 cxd5 13. e4 dxe4 14. Nxe4 Bxe4
15. Bxe4 Nc5 16. Bc2 Qxd1 17. Rfxd1 a5 18. a3 Rfd8 19. Kf1 Kf8 20. Ke2 Rxd1 21.
Rxd1 Ke8 22. h4 Rd8 23. Ke3 Rxd1 24. Bxd1 Kd7 25. h5 Kc6 26. Bc3 b6 27. b4 Nd7
28. bxa5 Bxa3 29. Bf3+ Kb5 30. Be2+ Kc6 31. a6 b5 32. a7 Kb7 33. Bxb5 Nc5 34.
Be8 Kxa7 35. Bxf7 Kb6 36. Bd4 Kc6 37. Bxc5 1/2-1/2

[Event "Guernsey Open"]
[Site "Guernsey GCI"]
[Date "2004.10.08"]
[Round "6"]
[White "Tan, H B."]
[Black "Burrows, Martin"]
[Result "0-1"]
[WhiteElo "2121"]
[BlackElo "2201"]
[PlyCount "52"]
[EventDate "2004.10.03"]
[SourceDate "2004.10.10"]

1. e4 c5 2. d4 cxd4 3. c3 dxc3 4. Nxc3 Nc6 5. Nf3 d6 6. Bc4 a6 7. O-O Nf6 8. h3
e6 9. Qe2 Be7 10. Rd1 Bd7 11. Bg5 Qb8 12. a4 Ne5 13. Nxe5 dxe5 14. Bxf6 Bxf6
15. b4 Qc8 16. Rac1 O-O 17. b5 axb5 18. Nxb5 Bc6 19. Qa2 Be7 20. Bb3 Rd8 21.
Qb2 Rxd1+ 22. Bxd1 Bg5 23. Rc4 Qd7 24. Bc2 Qd2 25. g3 Be3 26. fxe3 Qe1+ 0-1

[Event "Guernsey Open"]
[Site "Guernsey GCI"]
[Date "2004.10.08"]
[Round "6"]
[White "Clark, Ian C"]
[Black "Reijneveld, Ad"]
[Result "1-0"]
[WhiteElo "2109"]
[BlackElo "2203"]
[PlyCount "51"]
[EventDate "2004.10.03"]
[SourceDate "2004.10.10"]

1. e4 c5 2. Nf3 g6 3. d4 cxd4 4. Nxd4 Bg7 5. Be3 Nc6 6. c3 Nf6 7. Nd2 O-O 8.
Be2 d5 9. Nxc6 bxc6 10. e5 Nd7 11. f4 f6 12. exf6 Bxf6 13. O-O e5 14. fxe5 Nxe5
15. Nf3 Ng4 16. Bc5 Re8 17. Qd2 Bg7 18. Ng5 Bh6 19. Bxg4 Bxg4 20. h4 Re2 21.
Qf4 Qd7 22. Rae1 Rae8 23. Rxe2 Bxe2 24. Rf2 Bd3 25. Qd2 Be4 26. Nxe4 1-0

[Event "Guernsey Open"]
[Site "Guernsey GCI"]
[Date "2004.10.08"]
[Round "6"]
[White "De Kruif, Kees"]
[Black "Von Saldern, Ruediger"]
[Result "1/2-1/2"]
[WhiteElo "2056"]
[BlackElo "2097"]
[PlyCount "57"]
[EventDate "2004.10.03"]
[SourceDate "2004.10.10"]

1. a3 d5 2. Nf3 c5 3. e4 dxe4 4. Ng5 Nf6 5. Nc3 Bf5 6. Bb5+ Nbd7 7. Qe2 e6 8.
Ngxe4 Nxe4 9. Nxe4 a6 10. Bxd7+ Qxd7 11. d3 Qc6 12. O-O Be7 13. Bf4 O-O 14.
Rfe1 Rfd8 15. b3 Rd7 16. Be5 Rad8 17. h3 Rd5 18. Bb2 b5 19. Nd2 Bf6 20. Bxf6
gxf6 21. Qf3 Qc7 22. Re3 Qe7 23. a4 Kh8 24. axb5 axb5 25. Ne4 Bxe4 26. Qxe4 Rg8
27. Rg3 Rxg3 28. fxg3 b4 29. Ra8+ 1/2-1/2

[Event "Guernsey Open"]
[Site "Guernsey GCI"]
[Date "2004.10.08"]
[Round "6"]
[White "Thurlow, Kevin J"]
[Black "Havenaar, Jan"]
[Result "0-1"]
[WhiteElo "2145"]
[BlackElo "2169"]
[PlyCount "64"]
[EventDate "2004.10.03"]
[SourceDate "2004.10.10"]

1. e4 c5 2. Nf3 g6 3. d4 cxd4 4. Nxd4 Bg7 5. Be3 Nf6 6. Nc3 Nc6 7. f3 O-O 8.
Qd2 d5 9. Nxc6 bxc6 10. e5 Ne8 11. f4 Nc7 12. Be2 f6 13. exf6 Bxf6 14. Rd1 e5
15. Bc5 Rf7 16. O-O exf4 17. Qxf4 Ne6 18. Qb4 Qe8 19. Bf3 a5 20. Qa3 Ng5 21.
Rfe1 Nxf3+ 22. gxf3 Qd8 23. Ne4 Be5 24. Bd6 dxe4 25. Bxe5 Qg5+ 26. Bg3 Rxf3 27.
Qd6 Bh3 28. Rxe4 Raf8 29. Ree1 Qe3+ 30. Kh1 Qxe1+ 31. Rxe1 Rf1+ 32. Rxf1 Rxf1#
0-1

[Event "Guernsey Open"]
[Site "Guernsey GCI"]
[Date "2004.10.08"]
[Round "6"]
[White "Taylor, RP."]
[Black "Wismayer, Clive R"]
[Result "0-1"]
[WhiteElo "1640"]
[BlackElo "2129"]
[PlyCount "70"]
[EventDate "2004.10.03"]
[SourceDate "2004.10.10"]

1. d4 d5 2. Nf3 c6 3. c3 Bf5 4. Bg5 Qb6 5. Qc1 h6 6. Bh4 e6 7. e3 Nd7 8. Be2
Ngf6 9. Nbd2 Rc8 10. b4 Bd6 11. O-O O-O 12. Nb3 Rfe8 13. Nc5 Qc7 14. Nxd7 Nxd7
15. Bg3 Bxg3 16. hxg3 e5 17. Qd2 e4 18. Nh2 Nf6 19. Rac1 a5 20. a3 b5 21. Qd1
a4 22. Bg4 Qd7 23. Bxf5 Qxf5 24. Qe2 Re7 25. Qc2 Qg5 26. Qe2 h5 27. Rc2 Rce8
28. Re1 g6 29. Nf1 Kg7 30. Rec1 Rh8 31. Nd2 h4 32. Nf1 Ng4 33. Nh2 Nxh2 34.
Kxh2 hxg3+ 35. Kg1 Rh1+ 0-1

[Event "Guernsey Open"]
[Site "Guernsey GCI"]
[Date "2004.10.08"]
[Round "6"]
[White "Ballon, Guenther Jan"]
[Black "Rowe, Peter"]
[Result "1/2-1/2"]
[WhiteElo "2195"]
[BlackElo "2085"]
[PlyCount "37"]
[EventDate "2004.10.03"]
[SourceDate "2004.10.10"]

1. d4 d5 2. c4 e6 3. Nf3 Nf6 4. Qc2 dxc4 5. Qxc4 Qd5 6. e3 c5 7. Nc3 Qxc4 8.
Bxc4 cxd4 9. Nxd4 a6 10. a3 Be7 11. b4 b5 12. Bb3 Bb7 13. f3 Nc6 14. Nxc6 Bxc6
15. Bb2 a5 16. bxa5 Rxa5 17. a4 bxa4 18. Bxa4 Bxa4 19. Rxa4 1/2-1/2

[Event "Guernsey Open"]
[Site "Guernsey GCI"]
[Date "2004.10.08"]
[Round "6"]
[White "Ippel, Cornelius J"]
[Black "Goris, Ton"]
[Result "0-1"]
[WhiteElo "2068"]
[BlackElo "2072"]
[PlyCount "46"]
[EventDate "2004.10.03"]
[SourceDate "2004.10.10"]

1. Nc3 d5 2. e4 e6 3. d4 Bb4 4. e5 c5 5. a3 Bxc3+ 6. bxc3 Qc7 7. Nf3 b6 8. Be2
Ne7 9. O-O O-O 10. Bd3 h6 11. g4 Ba6 12. Be3 Bxd3 13. Qxd3 cxd4 14. cxd4 Nbc6
15. Qd2 f5 16. Bxh6 fxg4 17. Bxg7 Rxf3 18. Bf6 Nf5 19. Qg5+ Kh7 20. Kh1 Rg8 21.
Qd2 Ncxd4 22. Rac1 Rh3 23. Qb4 Nf3 0-1

[Event "Guernsey Open"]
[Site "Guernsey GCI"]
[Date "2004.10.08"]
[Round "6"]
[White "Kamps, JW."]
[Black "Gravett, Alan D"]
[Result "1/2-1/2"]
[WhiteElo "2101"]
[BlackElo "1960"]
[PlyCount "38"]
[EventDate "2004.10.03"]
[SourceDate "2004.10.10"]

1. e4 c5 2. Nc3 d6 3. f4 Nc6 4. Nf3 g6 5. Bc4 e6 6. O-O Bg7 7. d3 Nge7 8. Qe1
Nd4 9. Bb3 O-O 10. f5 Nxb3 11. axb3 exf5 12. Qh4 Nc6 13. Bg5 f6 14. Bh6 Ne5 15.
Nd5 Bxh6 16. Qxh6 Nf7 17. Qh4 g5 18. Qg3 fxe4 19. dxe4 Kh8 1/2-1/2

[Event "Guernsey Open"]
[Site "Guernsey GCI"]
[Date "2004.10.08"]
[Round "6"]
[White "Murray, JS."]
[Black "Hamperl, Fred"]
[Result "1/2-1/2"]
[WhiteElo "1824"]
[BlackElo "1961"]
[PlyCount "34"]
[EventDate "2004.10.03"]
[SourceDate "2004.10.10"]

1. e4 c5 2. Nf3 Nc6 3. Bb5 g6 4. Bxc6 dxc6 5. d3 Bg7 6. h3 Nf6 7. Nc3 O-O 8.
Be3 b6 9. Qd2 Ne8 10. Bh6 Nc7 11. Bxg7 Kxg7 12. O-O-O Ne6 13. h4 h5 14. Ne2 Nd4
15. Nfxd4 cxd4 16. Rdg1 e5 17. f4 exf4 1/2-1/2

[Event "Guernsey Open"]
[Site "Guernsey GCI"]
[Date "2004.10.08"]
[Round "6"]
[White "Burton, Ronnie"]
[Black "Morton, Peter S"]
[Result "1/2-1/2"]
[WhiteElo "2051"]
[BlackElo "1824"]
[PlyCount "31"]
[EventDate "2004.10.03"]
[SourceDate "2004.10.10"]

1. d4 Nf6 2. Nf3 g6 3. Nc3 Bg7 4. e4 d6 5. Be3 Nbd7 6. Qd2 c6 7. Bd3 b5 8. a4
b4 9. Ne2 a5 10. O-O O-O 11. c4 c5 12. d5 Ng4 {(=)} 13. Bf4 Nge5 14. Nxe5 Nxe5
15. Bxe5 Bxe5 16. Rad1 1/2-1/2

[Event "Guernsey Open"]
[Site "Guernsey GCI"]
[Date "2004.10.08"]
[Round "6"]
[White "Gruettner, Ralf"]
[Black "Key, Eric"]
[Result "1-0"]
[WhiteElo "2056"]
[BlackElo "1792"]
[PlyCount "63"]
[EventDate "2004.10.03"]
[SourceDate "2004.10.10"]

1. e4 e6 2. d4 d5 3. Nd2 Nf6 4. e5 Nfd7 5. Bd3 c5 6. c3 b6 7. Ngf3 Ba6 8. Bxa6
Nxa6 9. O-O Be7 10. Re1 b5 11. Nf1 Qb6 12. Bg5 h6 13. Bxe7 Kxe7 14. Qd2 Rae8
15. Ne3 Kd8 16. a4 b4 17. c4 cxd4 18. Nxd4 Nc7 19. cxd5 exd5 20. a5 Qb7 21. a6
Qb6 22. Ra4 Nc5 23. Rxb4 Ne4 24. Rxb6 Nxd2 25. Rd6+ Ke7 26. Rc1 Ne6 27. Nxd5+
Kf8 28. Nxe6+ fxe6 29. Nf4 Ne4 30. Ng6+ Kg8 31. Nxh8 Nxd6 32. exd6 1-0

[Event "Guernsey Open"]
[Site "Guernsey GCI"]
[Date "2004.10.08"]
[Round "6"]
[White "Jones, HCN."]
[Black "Morcom, HC."]
[Result "1/2-1/2"]
[WhiteElo "1664"]
[BlackElo "2031"]
[PlyCount "60"]
[EventDate "2004.10.03"]
[SourceDate "2004.10.10"]

1. d4 g6 2. c4 Bg7 3. Nc3 f5 4. e4 d6 5. exf5 Bxf5 6. g4 Bd7 7. Bg2 c6 8. Nh3
Qc8 9. f3 Nh6 10. O-O O-O 11. Be3 Nf7 12. Qd2 Na6 13. Rad1 Nc7 14. Rfe1 Be8 15.
Bg5 Nxg5 16. Nxg5 e5 17. dxe5 dxe5 18. Nce4 h6 19. Nd6 Qb8 20. Nge4 Ne6 21. c5
Nd4 22. Qd3 b6 23. Qc4+ Kh7 24. g5 bxc5 25. Nxe8 Qxe8 26. Qxc5 Nxf3+ 27. Bxf3
Rxf3 28. Rd6 Qc8 29. Nf6+ Bxf6 30. Rxf6 Rxf6 1/2-1/2

[Event "Guernsey Open"]
[Site "Guernsey GCI"]
[Date "2004.10.08"]
[Round "6"]
[White "Robertson, PC."]
[Black "Wilman, Carey A"]
[Result "0-1"]
[WhiteElo "1880"]
[BlackElo "2049"]
[PlyCount "70"]
[EventDate "2004.10.03"]
[SourceDate "2004.10.10"]

1. e4 d6 2. d4 Nf6 3. Nc3 g6 4. Be2 Bg7 5. Be3 c6 6. Qd2 Qa5 7. h4 h5 8. f4 b5
9. e5 Ng4 10. Bxg4 Bxg4 11. Nf3 d5 12. O-O Qc7 13. Qf2 e6 14. Ne2 Nd7 15. Nc1
O-O 16. Nd3 Rac8 17. Rac1 Rfd8 18. Qd2 a5 19. a3 Bf8 20. Kh2 Qb6 21. c3 Be7 22.
g3 Qc7 23. Qf2 Nb6 24. Nfe1 Nc4 25. Rc2 Rb8 26. Ng2 b4 27. axb4 axb4 28. cxb4
Bxb4 29. Nxb4 Rxb4 30. Ra1 Rdb8 31. Bc1 Bf5 32. Rc3 Rxb2 33. Bxb2 Rxb2 34. Qf1
Be4 35. Rf3 Nd2 0-1